<?xml version="1.0" encoding="UTF-8"?><?xml-stylesheet type="text/xsl" href="static/style.xsl"?><OAI-PMH xmlns="http://www.openarchives.org/OAI/2.0/" xmlns:xsi="http://www.w3.org/2001/XMLSchema-instance" xsi:schemaLocation="http://www.openarchives.org/OAI/2.0/ http://www.openarchives.org/OAI/2.0/OAI-PMH.xsd"><responseDate>2026-04-13T11:31:04Z</responseDate><request verb="GetRecord" identifier="oai:www.recercat.cat:2117/104520" metadataPrefix="marc">https://recercat.cat/oai/request</request><GetRecord><record><header><identifier>oai:recercat.cat:2117/104520</identifier><datestamp>2025-07-23T03:21:01Z</datestamp><setSpec>com_2072_1033</setSpec><setSpec>col_2072_452951</setSpec></header><metadata><record xmlns="http://www.loc.gov/MARC21/slim" xmlns:dcterms="http://purl.org/dc/terms/" xmlns:xsi="http://www.w3.org/2001/XMLSchema-instance" xmlns:doc="http://www.lyncode.com/xoai" xsi:schemaLocation="http://www.loc.gov/MARC21/slim http://www.loc.gov/standards/marcxml/schema/MARC21slim.xsd">
   <leader>00925njm 22002777a 4500</leader>
   <datafield ind2=" " ind1=" " tag="042">
      <subfield code="a">dc</subfield>
   </datafield>
   <datafield ind2=" " ind1=" " tag="720">
      <subfield code="a">Cadena Subia, Jimmy</subfield>
      <subfield code="e">author</subfield>
   </datafield>
   <datafield ind2=" " ind1=" " tag="260">
      <subfield code="c">2017-05-15</subfield>
   </datafield>
   <datafield ind2=" " ind1=" " tag="520">
      <subfield code="a">El presente trabajo final de master es un proyecto en el cual se permite poner en&#xd;
marcha los conocimientos obtenidos en el Programa de Master Universitario en&#xd;
Prevención de Riesgos Laborales así como en las prácticas profesionales que me&#xd;
sirvieron como un aporte y complemento a la parte teórica.&#xd;
Las prácticas extra curriculares fueron realizadas en la empresa Prevengest&#xd;
durante un período de 6 meses a aproximadamente.&#xd;
Prevengest, es un Servicio de Prevención Ajeno dedicado a la gestión de&#xd;
Prevención de Riesgos Laborales, formación y vigilancia de la salud en empresas&#xd;
de distintas actividades en los sectores de construcción y no construcción.&#xd;
Por motivo de que el departamento técnico se planteó cambiar el modelo de sus&#xd;
evaluaciones de riesgos, nació la idea de renovar el modelo de fichas informativas&#xd;
para entregar a los trabajadores en los puestos de trabajo.&#xd;
El contenido de éste Trabajo final de master se basa como punto central en la&#xd;
creación de fichas informativas de seguridad para los puestos de trabajo en el&#xd;
sector de no construcción, específicamente en Hostelería y en el sector Servicios;&#xd;
para dar cumplimiento al Art. 18 del RD31/1995, referente a la entrega de&#xd;
información a los trabajadores.&#xd;
En las fichas se especifica riesgos derivados de cada puesto de trabajo, así como&#xd;
normas de seguridad y normas de utilización de la maquinaria usada en los puestos&#xd;
de trabajo donde se las utiliza.&#xd;
Lo que se espera con éste proyecto es simplificar la información entregada a los&#xd;
trabajadores e incentivar el deseo de leer el documento mediante un diseño&#xd;
dinámico, didáctico con la información correcta y bien explicada.</subfield>
   </datafield>
   <datafield tag="653" ind2=" " ind1=" ">
      <subfield code="a">Àrees temàtiques de la UPC::Economia i organització d'empreses</subfield>
   </datafield>
   <datafield tag="653" ind2=" " ind1=" ">
      <subfield code="a">Industrial safety</subfield>
   </datafield>
   <datafield tag="653" ind2=" " ind1=" ">
      <subfield code="a">Seguretat en el treball</subfield>
   </datafield>
   <datafield ind2="0" ind1="0" tag="245">
      <subfield code="a">Elaboración de fichas informativas por puesto de trabajo y herramientas en el sector de servicios y hostelería</subfield>
   </datafield>
</record></metadata></record></GetRecord></OAI-PMH>